LEADER 00819nam a2200229 i 4500 001 991004070299707536 005 20020506112858.0 008 000704s1983 ||| ||| | ||| 035 $ab10595995-39ule_inst 035 $aEXGIL131760$9ExL 040 $aBiblioteca Interfacoltà$bita 245 10$aProfili generali 260 $c1983 300 $a80 p. 440 3$aLa pubblicazione nel diritto pubblico ;$v1 490 0 $aPubblicazioni dell'Università degli studi di Salerno. Sezione di studi giuridici ;$v3 907 $a.b10595995$b23-02-17$c27-06-02 912 $a991004070299707536 945 $aLE002 Dir. VI C 21$g1$i2002000480682$lle002$o-$pE0.00$q-$rl$s- $t0$u0$v0$w0$x0$y.i10680913$z27-06-02 996 $aProfili generali$962728 997 $aUNISALENTO 998 $ale002$b01-01-00$cm$da $e-$feng$gxx $h0$i1 LEADER 01713oas 2200565 a 450 001 9910626182803321 005 20250706213020.0 011 $a2157-4774 035 $a(OCoLC)646048788 035 $a(CONSER) 2010204147 035 $a(CKB)3400000000014327 035 $a(EXLCZ)993400000000014327 100 $a20100618a20099999 uy a 101 0 $aeng 135 $aur||||||||||| 181 $ctxt$2rdacontent 182 $cc$2rdamedia 183 $acr$2rdacarrier 200 10$aProceedings of the ... IEEE International Workshop on Information Forensics and Security 210 $aPiscataway, N.J. $cIEEE 311 08$a2157-4766 517 1 $aWIFS 531 0 $aIEEE Int. Workshop Inf. Forensics Secur. 606 $aComputer security$vCongresses 606 $aForensic sciences$xData processing$vCongresses 606 $aComputer security$2fast$3(OCoLC)fst00872484 606 $aForensic sciences$xData processing$2fast$3(OCoLC)fst00932012 608 $aConference papers and proceedings.$2fast 615 0$aComputer security 615 0$aForensic sciences$xData processing 615 7$aComputer security. 615 7$aForensic sciences$xData processing. 676 $a005.8 712 02$aInstitute of Electrical and Electronics Engineers. 801 0$bAEU 801 1$bUAB 801 2$bDLC 801 2$bOCLCQ 801 2$bOCLCF 801 2$bOCLCO 801 2$bOCL 801 2$bOCLCO 801 2$bOCLCQ 801 2$bOCLCA 801 2$bU3W 801 2$bOCLCL 906 $aCONFERENCE 912 $a9910626182803321 996 $aProceedings of the ... IEEE International Workshop on Information Forensics and Security$91887298 997 $aUNINA